000 00558nam a2200181Ia 4500
008 090124s9999 xx 000 0 und d
082 _b44135
100 _aनागपुरे रमेश
245 _a अनादि अनंत
250 _a1
260 _b"शारदा प्रकाशन, ठाणे"
_c2002
300 _a183
600 _aनागपुरे रमेश
630 _a अनादि अनंत
700 _aनागपुरे रमेश
730 _a अनादि अनंत
942 _cBOOK
999 _c110364
_d110364